English (Record no. 5144)

MARC details
000 -LEADER
fixed length control field 00383nam a22001697a 4500
005 - DATE AND TIME OF LATEST TRANSACTION
control field 20210906114757.0
008 - FIXED-LENGTH DATA ELEMENTS--GENERAL INFORMATION
fixed length control field 160702b xxu||||| |||| 00| 0 eng d
020 ## - INTERNATIONAL STANDARD BOOK NUMBER
ISBN 978-93-81237-93-9
041 ## - LANGUAGE CODE
Language code of text/sound track or separate title eng
082 ## - DEWEY DECIMAL CLASSIFICATION NUMBER
Item number 20840
100 ## - MAIN ENTRY--AUTHOR NAME
Personal name Pathak, B.V.
245 ## - TITLE STATEMENT
Title English
260 ## - PUBLICATION, DISTRIBUTION, ETC. (IMPRINT)
Name of publisher Niroli Prakashan
Year of publication 2011
300 ## - PHYSICAL DESCRIPTION
Number of Pages 4.4
650 ## - SUBJECT ADDED ENTRY--TOPICAL TERM
Topical Term Management
942 ## - ADDED ENTRY ELEMENTS (KOHA)
Koha item type Books
Holdings
Lost status Damaged status Collection code Home library Current library Shelving location Date acquired Cost, normal purchase price Full call number Accession Number Koha item type
    ENGLISH JRU Library JRU Library SHELF-102-B 02/07/2016 125.00 20840 20840 Books
    ENGLISH JRU Library JRU Library SHELF-102-B 02/07/2016 125.00 20840 20841 Books
    ENGLISH JRU Library JRU Library SHELF-102-B 02/07/2016 125.00 20840 20842 Books
    ENGLISH JRU Library JRU Library SHELF-102-B 02/07/2016 125.00 20840 20843 Books
    ENGLISH JRU Library JRU Library SHELF-102-B 02/07/2016 125.00 20840 20844 Books
    ENGLISH JRU Library JRU Library SHELF-102-B 02/07/2016 125.00 20840 20845 Books
      JRU Library JRU Library   02/07/2016 125.00 20840 20846 Books
    ENGLISH JRU Library JRU Library SHELF-102-B 02/07/2016 125.00 20840 20847 Books
    ENGLISH JRU Library JRU Library SHELF-102-B 02/07/2016 125.00 20840 20848 Books
    ENGLISH JRU Library JRU Library SHELF-102-B 02/07/2016 125.00 20840 20849 Books
    ENGLISH JRU Library JRU Library SHELF-102-B 02/07/2016 125.00 20840 20850 Books
    ENGLISH JRU Library JRU Library SHELF-102-B 02/07/2016 125.00 20840 20851 Books
    ENGLISH JRU Library JRU Library SHELF-102-B 02/07/2016 125.00 20840 20852 Books
    ENGLISH JRU Library JRU Library SHELF-102-B 02/07/2016 125.00 20840 20853 Books
    ENGLISH JRU Library JRU Library SHELF-102-B 02/07/2016 125.00 20840 20854 Books
    ENGLISH JRU Library JRU Library SHELF-102-B 02/07/2016 125.00 20840 20855 Books
    ENGLISH JRU Library   SHELF-102-B 02/07/2016 125.00 20840 20856 Books
    ENGLISH JRU Library JRU Library SHELF-102-B 02/07/2016 125.00 20840 20857 Books
    ENGLISH JRU Library JRU Library SHELF-102-B 02/07/2016 125.00 20840 20858 Books
    ENGLISH JRU Library JRU Library SHELF-102-B 02/07/2016 125.00 20840 20859 Books
    ENGLISH JRU Library JRU Library SHELF-102-B 02/07/2016 125.00 20840 20860 Books
    ENGLISH JRU Library JRU Library SHELF-102-B 02/07/2016 125.00 20840 20861 Books
    ENGLISH JRU Library JRU Library SHELF-102-B 02/07/2016 125.00 20840 20862 Books
    ENGLISH JRU Library JRU Library SHELF-102-B 02/07/2016 125.00 20840 20863 Books
    ENGLISH JRU Library JRU Library SHELF-102-B 02/07/2016 125.00 20840 20864 Books
    ENGLISH JRU Library JRU Library SHELF-102-B 02/07/2016 125.00 20840 20865 Books
    ENGLISH JRU Library JRU Library SHELF-102-B 02/07/2016 125.00 20840 20866 Books
    ENGLISH JRU Library JRU Library SHELF-102-B 02/07/2016 125.00 20840 20867 Books
    ENGLISH JRU Library JRU Library SHELF-102-B 02/07/2016 125.00 20840 20868 Books
    ENGLISH JRU Library JRU Library SHELF-102-B 02/07/2016 125.00 20840 20869 Books